NBA Record: Highest Score in a Single Game - Statistics

General Stats
  • This quiz has been taken 78 times
  • The average score is 17 of 19
Answer Stats
Year Team Score Answer % Correct
2006 LAL 81 Kobe Bryant
100%
2024 DAL 73 Luka Doncic
100%
1962 PHW 100 Wilt Chamberlain
100%
1961 PHW 78 Wilt Chamberlain
100%
1962 SFW 73 Wilt Chamberlain
100%
1962 PHW 73 Wilt Chamberlain
100%
1962 SFW 73 Wilt Chamberlain
100%
1963 SFW 70 Wilt Chamberlain
100%
1967 PHI 68 Wilt Chamberlain
100%
2026 MIA 83 Bam Adebayo
99%
2023 POR 71 Damian Lillard
97%
2023 CLE 71 Donovan Mitchell
96%
2017 PHO 70 Devin Booker
94%
2024 PHI 70 Joel Embiid
94%
1990 CHI 69 Michael Jordan
93%
1994 SAS 71 David Robinson
84%
1960 LAL 71 Elgin Baylor
68%
1978 DEN 73 David Thompson
59%
1977 NOJ 68 Pete Maravich
48%
No matching quizzes found
Score Distribution
Percent of People with Each Score
Percentile by Number Answered
Your Score History
You have not taken this quiz